| 000 | 01058naa a22002897a 4500 | ||
|---|---|---|---|
| 001 | BR8106491 | ||
| 003 | BR-BrBNA | ||
| 005 | 20240918175008.0 | ||
| 007 | ta | ||
| 008 | 230509b bl.||||| |||| 00| 0 por d | ||
| 040 |
_aBR-BrBNA _bpor _cBiblioteca Nacional de Agricultura |
||
| 041 | _a(Pt) | ||
| 072 | _aD10; C00 | ||
| 090 | _aD10 BR8106491 | ||
| 100 | 1 | _aMagalhaes, O.F. | |
| 111 | 1 |
_a2. Congresso Brasileiro de Suinocultura _cCampinas, SP (Brazil) _d19 Nov 1980 |
|
| 245 | 1 | _aAlgumas informacoes sobre o Servico Nacional de Formacao Profissional Rural - SENAR | |
| 260 | 3 |
_aCampinas, SP (Brasil): _c1981. |
|
| 500 | _aAnais do 2. Congresso Brasileiro de Suinocultura Campinas, SP (Brasil): 1981. p. 199-206 (BR8106491-AM)D10 | ||
| 650 | _aADMINISTRACAO AGRICOLA | ||
| 650 | _aINSTITUICAO AGRICOLA | ||
| 650 | _aDIRETRIZ | ||
| 650 | _aEDUCACAO AGRICOLA | ||
| 773 | 0 |
_tAnais do 2. Congresso Brasileiro de Suinocultura _wD10 BR8106491 _gCampinas, SP (Brasil), 1981. p. 199-206 |
|
| 909 |
_a202404 _bLucia _c55 _dLucia Elande |
||
| 942 |
_cAM _2AGRIS |
||
| 999 |
_c314505 _d314505 |
||